000 00523nam a2200217Ia 4500
008 190123s9999 xx 000 0 und d
020 _a9780439657198
050 _bM626 2003
100 _aMicucci, Charles
245 4 _aThe life and time of the ant /
245 0 _cby Charles Micucci.
260 _aNew York, New York :
260 _bScholastic,
260 _c2003
300 _a32 pages :
300 _bcolored illustrations ;
300 _c23cm.
500 _a960L
650 _aAnts.
700 _aTitle.
999 _c361221
_d361221